000
00304nam a2200133Ia 4500
005
20260328104259.0
008
260328s9999||||xx |||||||||||||| ||und||
100
_a
Holl, Steven
245
0
_a
This is Hybrid /
_c
Steven Holl
260
_b
A+T
300
_a
308 p.
650
_a
ARQUITECTURA
942
_c
BK
999
_c
10559
_d
10559